[Event "MCR senioru 2013 - 50"]
[Site "?"]
[Date "2013.08.23"]
[Round "7.4"]
[White "Peroutka, Ivo"]
[Black "Habada, Jindrich"]
[Result "1-0"]
[WhiteElo "1919"]
[BlackElo "1886"]
[PlyCount "105"]
[SourceDate "2013.08.23"]

1. d4 Nf6 2. c4 e6 3. Nc3 Bb4 4. Nf3 d5 5. e3 O-O 6. Bd2 c6 7. Qc2 Re8 8. Ne5
Nbd7 9. f4 Bxc3 10. Bxc3 Ne4 11. O-O-O Ndf6 12. Be1 Bd7 13. Bd3 c5 14. g4 b5
15. g5 bxc4 16. Bxc4 dxc4 17. gxf6 Nxf6 18. dxc5 Qc7 19. Bh4 Bc6 20. Rhg1 Be4
21. Qxc4 Bd5 22. Qd4 Nh5 23. Rg5 f6 24. Rxh5 fxe5 25. Rxe5 Rec8 26. Be1 Rd8 27.
Bh4 Rdc8 28. Rd2 Qxc5+ 29. Qxc5 Rxc5+ 30. Rc2 Rxc2+ 31. Kxc2 Bxa2 32. Rc5 Bd5
33. Kc3 a5 34. Rc7 a4 35. Be7 Rb8 36. Ba3 Rb7 37. Rc8+ Kf7 38. Kd4 Kg6 39. Ke5
Rb5 40. Kd4 Rb7 41. Rc5 Bb3 42. Rg5+ Kf6 43. Bd6 g6 44. Be5+ Kf7 45. Rg2 Bd5
46. Rc2 Bb3 47. Rc8 h5 48. Rh8 Rd7+ 49. Kc3 Bd5 50. Kb4 Bb3 51. Bd4 Rb7+ 52.
Kc5 Bd5 53. Kd6 1-0

[Event "MCR senioru 2013 - 50"]
[Site "?"]
[Date "2013.08.23"]
[Round "7.5"]
[White "Korinkova, Eva"]
[Black "Cvejn, Jaroslav"]
[Result "1-0"]
[WhiteElo "1775"]
[BlackElo "1746"]
[PlyCount "63"]
[SourceDate "2013.08.23"]

1. e4 e5 2. Nf3 Nc6 3. Bb5 a6 4. Bxc6 dxc6 5. O-O Qf6 6. d4 Bg4 7. dxe5 Bxf3 8.
exf6 Bxd1 9. fxg7 Bxg7 10. Rxd1 Ne7 11. c3 Ng6 12. Be3 O-O 13. Na3 Rfe8 14. f3
b5 15. Nc2 Be5 16. Nd4 Bxd4 17. Rxd4 Ne5 18. Rad1 c5 19. Rd5 c4 20. Rc5 Re6 21.
Rxc7 Rg6 22. Kf1 h5 23. Rd5 Re8 24. Bd4 f6 25. Ra7 h4 26. Rxa6 h3 27. Bxe5 Rxg2
28. Rxf6 Ra8 29. Rh6 Rxa2 30. Rd8+ Kf7 31. Rh7+ Ke6 32. Re8# 1-0

[Event "MCR senioru 2013 - 50"]
[Site "?"]
[Date "2013.08.23"]
[Round "7.6"]
[White "Plachetka, Milan"]
[Black "Papacek, Milos"]
[Result "1/2-1/2"]
[WhiteElo "1623"]
[BlackElo "1815"]
[PlyCount "55"]
[EventDate "2013.??.??"]
[SourceDate "2013.08.23"]

1. e4 e5 2. Nf3 Nc6 3. d4 exd4 4. Bc4 Nf6 5. e5 d5 6. Bb5 Ne4 7. Nxd4 Bd7 8.
Bxc6 bxc6 9. O-O Bc5 10. Be3 Bb6 11. Nd2 Nxd2 12. Qxd2 c5 13. Ne2 Be6 14. b3
Qd7 15. a4 a5 16. h3 h6 17. f4 O-O-O 18. Ng3 d4 19. Bf2 Qd5 20. Qe1 Bd7 21. Qe4
Qxe4 22. Nxe4 Bf5 23. Rfe1 Rd7 24. g4 Bxe4 25. Rxe4 Rhd8 26. Bh4 Re8 27. Kg2 c6
28. Kf3 1/2-1/2

[Event "MCR senioru 2013 - 50"]
[Site "?"]
[Date "2013.08.23"]
[Round "7.7"]
[White "Nemec, Otakar"]
[Black "Kubelova, Sona"]
[Result "1-0"]
[WhiteElo "1919"]
[BlackElo "1711"]
[PlyCount "77"]
[SourceDate "2013.08.23"]

1. Nf3 d5 2. g3 c5 3. Bg2 Nc6 4. d4 e6 5. O-O Nf6 6. c4 cxd4 7. Nxd4 Nxd4 8.
Qxd4 e5 9. Qxe5+ Be6 10. Qd4 Qa5 11. Nc3 Bc5 12. Qd1 Qb6 13. cxd5 Rd8 14. e4
O-O 15. Na4 Qb5 16. Nxc5 Qxc5 17. Be3 Qa5 18. Qe1 Qxe1 19. Rfxe1 Nxd5 20. exd5
Bxd5 21. Red1 Bxg2 22. Rxd8 Rxd8 23. Kxg2 a6 24. Rc1 b5 25. Rc7 Ra8 26. Ra7
Rxa7 27. Bxa7 f6 28. Kf3 Kf7 29. Ke4 Ke6 30. Bb8 g5 31. g4 Kd7 32. Kf5 Ke7 33.
Ba7 Kf7 34. Bd4 a5 35. Bxf6 h6 36. b3 a4 37. bxa4 bxa4 38. a3 Ke8 39. Bg7 1-0

[Event "MCR senioru 2013 - 50"]
[Site "?"]
[Date "2013.08.23"]
[Round "7.8"]
[White "Masek, Jan"]
[Black "Hovad, Vaclav"]
[Result "1-0"]
[WhiteElo "1959"]
[BlackElo "1698"]
[PlyCount "48"]
[EventDate "2013.??.??"]
[SourceDate "2013.08.23"]

1. e4 d6 2. d4 Nf6 3. Nc3 g6 4. f4 Bg7 5. Nf3 c5 6. dxc5 Qa5 7. Bb5+ Bd7 8.
Bxd7+ Nbxd7 9. O-O Qxc5+ 10. Kh1 Ng4 11. Qe2 Bxc3 12. bxc3 Rc8 13. Rb1 b6 14.
a3 Ndf6 15. e5 dxe5 16. Nxe5 Nxe5 17. fxe5 Nd5 18. Rb5 Qc4 19. Qxc4 Rxc4 20.
Rxd5 O-O 21. Rd7 Kg7 22. Rxe7 Rxc3 23. Rf2 a5 24. Bb2 Rc5 1-0

[Event "MCR senioru 2013 - 50"]
[Site "?"]
[Date "2013.08.23"]
[Round "7.9"]
[White "Volfova, Milena"]
[Black "Zoufaly, Petr"]
[Result "0-1"]
[WhiteElo "1683"]
[BlackElo "1716"]
[PlyCount "66"]
[EventDate "2013.??.??"]
[SourceDate "2013.08.23"]

1. e4 e6 2. Nf3 b6 3. Nc3 Bb7 4. Bc4 Nf6 5. d3 d5 6. exd5 exd5 7. Bb3 Be7 8.
O-O O-O 9. Ne2 c5 10. Ng3 Nc6 11. a3 Re8 12. Re1 Bd6 13. Nf5 Rxe1+ 14. Qxe1 Bc7
15. Bd2 Qd7 16. Ng3 Re8 17. Qf1 Ne5 18. Nh4 c4 19. Ba2 cxd3 20. cxd3 Ba6 21.
Bb1 Ne4 22. Bb4 Re6 23. Qd1 Nxg3 24. fxg3 d4 25. Nf3 Nxf3+ 26. Qxf3 h6 27. Ba2
Rf6 28. Qe4 Bb8 29. Re1 Bb5 30. Bd5 a5 31. Be7 Rf5 32. Bd6 Bxd6 33. Qxd4 Bc5
0-1

[Event "MCR senioru 2013 - 50"]
[Site "?"]
[Date "2013.08.23"]
[Round "7.10"]
[White "Ruffer, Vaclav"]
[Black "Zamarska, Dagmar"]
[Result "1/2-1/2"]
[WhiteElo "1657"]
[BlackElo "1486"]
[PlyCount "22"]
[EventDate "2013.??.??"]
[SourceDate "2013.08.23"]

1. c4 c5 2. Nc3 Nc6 3. g3 e6 4. d3 d6 5. Bg2 Bd7 6. Nf3 Nf6 7. O-O Be7 8. e4
O-O 9. Re1 e5 10. Bg5 a6 11. Bxf6 Bxf6 1/2-1/2

[Event "MCR senioru"]
[Site "?"]
[Date "2013.08.23"]
[Round "7.1"]
[White "Vorobyov, Yrij"]
[Black "Novotny, Josef"]
[Result "0-1"]
[WhiteElo "2235"]
[BlackElo "2129"]
[PlyCount "98"]

1. Nf3 e6 2. c4 d6 3. d4 Nf6 4. g3 g6 5. Bg2 Bg7 6. O-O O-O 7. b3 Nc6 8. Bb2
Ne4 9. Nc3 f5 10. e3 Bd7 11. Nd2 Nxc3 12. Bxc3 Rb8 13. f4 g5 14. Nf3 g4 15. Ne1
h5 16. Qd3 Ne7 17. d5 e5 18. fxe5 dxe5 19. d6 Ng6 20. Rd1 c6 21. c5 h4 22. Rf2
Kh7 23. b4 a6 24. a4 Bh6 25. Nc2 Bg5 26. Bf1 Kh6 27. Na3 Be6 28. Rb1 Qd7 29.
Qd2 Bd5 30. Nc4 Qe6 31. Nb6 Be4 32. Bc4 Qe8 33. Rbf1 Rd8 34. Qe2 Bf3 35. Qd2
Rf6 36. Re1 Kg7 37. Ref1 Qh8 38. Rxf3 gxf3 39. Rxf3 hxg3 40. Rxg3 Qh4 41. b5
axb5 42. axb5 f4 43. exf4 Bxf4 44. Qg2 Bxg3 45. hxg3 Qg5 46. Bd2 Qg4 47. Be1
Rdf8 48. Qd2 Nh4 49. Be2 Rf1+ 0-1

[Event "MCR senioru"]
[Site "?"]
[Date "2013.08.23"]
[Round "7.2"]
[White "Furman, Boris"]
[Black "Mlynek, Petr"]
[Result "1/2-1/2"]
[WhiteElo "2164"]
[BlackElo "2192"]
[PlyCount "23"]

1. d4 d5 2. c4 c6 3. cxd5 cxd5 4. Nc3 Nf6 5. Bf4 Nc6 6. e3 e6 7. Bd3 Be7 8. h3
Bd7 9. Rc1 Qb6 10. Qe2 O-O 11. Nf3 Rfc8 12. O-O 1/2-1/2

[Event "MCR senioru"]
[Site "?"]
[Date "2013.08.23"]
[Round "7.3"]
[White "Rucka, Alois"]
[Black "Gasik, Piotr"]
[Result "0-1"]
[WhiteElo "1943"]
[BlackElo "2136"]
[PlyCount "64"]

1. Nf3 f5 2. c4 Nf6 3. Nc3 d6 4. d4 g6 5. e3 Bg7 6. Be2 O-O 7. O-O c6 8. b4 e5
9. dxe5 Ng4 10. Bb2 Nxe5 11. Qc2 Be6 12. Nxe5 dxe5 13. Rfd1 Qe7 14. a4 Qf7 15.
Qb3 Nd7 16. a5 Rfd8 17. Rac1 e4 18. Na4 Ne5 19. Nc5 Bxc4 20. Bxc4 Nxc4 21. Bxg7
Kxg7 22. g3 Rd5 23. Nxb7 Ne5 24. Qc3 Kh6 25. Nd6 Qe6 26. Rxd5 Qxd5 27. Qc5 Nf3+
28. Kg2 Qd2 29. Qxc6 Rf8 30. Qc5 Ne1+ 31. Kg1 Nd3 32. Nxe4 Qxc1+ 0-1

[Event "MCR senioru"]
[Site "?"]
[Date "2013.08.23"]
[Round "7.5"]
[White "Fiser, Jiri"]
[Black "Uhmann, Jan"]
[Result "1-0"]
[WhiteElo "1970"]
[BlackElo "2137"]
[PlyCount "111"]

1. e4 e5 2. Nf3 Nc6 3. Bb5 a6 4. Ba4 Nf6 5. d3 d6 6. O-O g6 7. c3 Bg7 8. Nbd2
O-O 9. Re1 b5 10. Bb3 Na5 11. Bc2 c5 12. a4 Bb7 13. d4 cxd4 14. cxd4 Nc6 15. d5
Nb4 16. Bb1 Qc7 17. axb5 axb5 18. Rxa8 Rxa8 19. Qb3 Qa5 20. Nf1 Qa4 21. Qxa4
bxa4 22. Bd2 Na6 23. Bc2 Nc5 24. Ng3 Ba6 25. Ra1 Nfd7 26. Be3 f6 27. Nd2 Bf8
28. b4 axb3 29. Nxb3 Nxb3 30. Bxb3 Bb7 31. Rxa8 Bxa8 32. Ba4 Nc5 33. Bc6 Nb7
34. Ne2 Kf7 35. Nc3 Ke7 36. Bb6 Bh6 37. Nb5 Bd2 38. Nc7 Na5 39. Bxa8 Nc4 40.
Ba7 Ba5 41. Nb5 f5 42. exf5 gxf5 43. f3 Kf6 44. Kf2 Kg5 45. Bb7 h5 46. g3 h4
47. Bc8 hxg3+ 48. hxg3 Kf6 49. Ke2 e4 50. f4 Bb4 51. Nd4 Bc5 52. Bxc5 dxc5 53.
Nxf5 Nb6 54. Be6 c4 55. Nd4 c3 56. Ke3 1-0

[Event "MCR senioru"]
[Site "?"]
[Date "2013.08.23"]
[Round "7.6"]
[White "Jablecnik, Gustav"]
[Black "Dolezal, Radoslav"]
[Result "1/2-1/2"]
[WhiteElo "2112"]
[BlackElo "1927"]
[PlyCount "44"]

1. e4 e5 2. Nf3 Nc6 3. Bb5 a6 4. Bxc6 dxc6 5. d4 exd4 6. Qxd4 Qxd4 7. Nxd4 Bd7
8. Be3 O-O-O 9. Nd2 g6 10. O-O-O Bg7 11. N2b3 b6 12. f3 Ne7 13. Ne2 c5 14. Nc3
Bc6 15. Rxd8+ Rxd8 16. Rd1 Bxc3 17. Rxd8+ Kxd8 18. bxc3 f6 19. Kd2 Nc8 20. Bf2
Nd6 21. Bh4 Ke7 22. Kc1 Ke6 1/2-1/2

[Event "MCR senioru"]
[Site "?"]
[Date "2013.08.23"]
[Round "7.7"]
[White "Drabek, Miloslav"]
[Black "Papan, Cyril"]
[Result "1/2-1/2"]
[WhiteElo "1990"]
[BlackElo "2034"]
[PlyCount "29"]

1. d4 d5 2. Nf3 c6 3. Nbd2 e6 4. c4 Nf6 5. g3 b6 6. Bg2 Bb7 7. O-O Nbd7 8. Qc2
Be7 9. e4 dxe4 10. Nxe4 Nxe4 11. Qxe4 Nf6 12. Qe2 O-O 13. Be3 Qc7 14. Rfd1 Rad8
15. Bf4 1/2-1/2

[Event "MCR senioru"]
[Site "?"]
[Date "2013.08.23"]
[Round "7.8"]
[White "Hlavac, Frantisek"]
[Black "Pavlis, Jaromir"]
[Result "1/2-1/2"]
[WhiteElo "2011"]
[BlackElo "1996"]
[PlyCount "21"]

1. e4 c6 2. d4 d5 3. e5 Bf5 4. Ne2 e6 5. Ng3 Bg6 6. h4 h6 7. h5 Bh7 8. Nd2 Nd7
9. Nf3 Qc7 10. Bd3 Bxd3 11. Qxd3 1/2-1/2

[Event "MCR senioru 2013 - 60"]
[Site "?"]
[Date "2013.08.23"]
[Round "7.9"]
[White "Gasik, Jadwiga"]
[Black "Chmelik, Jiri"]
[Result "1/2-1/2"]
[WhiteElo "1939"]
[BlackElo "2002"]
[PlyCount "50"]
[EventDate "2013.??.??"]
[SourceDate "2013.08.23"]

1. e4 c5 2. c3 Nf6 3. e5 Nd5 4. d4 cxd4 5. Nf3 e6 6. cxd4 b6 7. Be2 Bb7 8. O-O
Be7 9. Nbd2 O-O 10. Nc4 d6 11. Bd2 dxe5 12. dxe5 Nc6 13. Rc1 b5 14. Ne3 a6 15.
Qb3 Nf4 16. Rfe1 Nxe2+ 17. Rxe2 Rc8 18. Rd1 Qc7 19. Nf1 Rfd8 20. Rde1 Na5 21.
Bxa5 Qxa5 22. a3 Bc5 23. N3d2 Bd5 24. Qg3 Qc7 25. Ne3 Bxe3 1/2-1/2

[Event "MCR senioru 2013 - 60"]
[Site "?"]
[Date "2013.08.23"]
[Round "7.10"]
[White "Klimes, Jiri"]
[Black "Trojan, Lubos"]
[Result "1-0"]
[WhiteElo "1898"]
[BlackElo "2016"]
[PlyCount "107"]
[SourceDate "2013.08.23"]

1. e4 d6 2. d4 g6 3. f4 Bg7 4. Nc3 c6 5. Be2 Nd7 6. Be3 Qc7 7. Nf3 b5 8. e5 d5
9. O-O Nb6 10. b3 h5 11. Nh4 Nh6 12. Bd3 Bf5 13. h3 Qd7 14. Qf3 a5 15. Ne2 e6
16. Nxf5 exf5 17. Rac1 O-O 18. c4 dxc4 19. bxc4 Rfc8 20. cxb5 cxb5 21. Nc3 Nc4
22. Nxb5 Nxe3 23. Qxe3 Bf8 24. Rxc8 Rxc8 25. Rc1 Be7 26. Rxc8+ Qxc8 27. Qd2 Bd8
28. Qc2 Qb8 29. Qc4 g5 30. Qc6 Kg7 31. fxg5 Bxg5 32. Kf1 Ng8 33. Qc7 Qxc7 34.
Nxc7 Ne7 35. Ke2 Nc6 36. Nb5 f4 37. Kf3 Nb4 38. Bb1 Nd5 39. a4 Kf8 40. Ba2 Ne3
41. d5 Bd8 42. Nd4 Bb6 43. Ne2 h4 44. Nxf4 Nf5 45. d6 Nd4+ 46. Ke4 Nc6 47. Nd5
Bd8 48. Bc4 Bg5 49. Bb5 Nd8 50. Nf6 Kg7 51. Nd7 Ne6 52. Nb8 f6 53. d7 fxe5 54.
Kf5 1-0

[Event "MCR senioru 2013 - 60"]
[Site "?"]
[Date "2013.08.23"]
[Round "7.11"]
[White "Just, Pavel"]
[Black "Majerik, Vladimir"]
[Result "1/2-1/2"]
[WhiteElo "2002"]
[BlackElo "1937"]
[PlyCount "104"]
[EventDate "2013.??.??"]
[SourceDate "2013.08.23"]

1. e4 c6 2. d4 d5 3. f3 e6 4. Bd3 Bb4+ 5. c3 Ba5 6. Ne2 Ne7 7. O-O O-O 8. Be3
Nd7 9. e5 c5 10. f4 cxd4 11. cxd4 f5 12. Nbc3 a6 13. a4 Nc6 14. Na2 Qe7 15. Bd2
Bxd2 16. Qxd2 b6 17. g4 g6 18. gxf5 gxf5 19. b4 Bb7 20. Rac1 Rac8 21. Rc2 Na7
22. Rxc8 Rxc8 23. Rf3 Kh8 24. Rh3 Rg8+ 25. Ng3 Nf8 26. Be2 Nc6 27. Kf2 Qg7 28.
Ke3 Nd7 29. Bf3 Nd8 30. Bh5 Bc6 31. Nc3 Nf7 32. a5 b5 33. Bxf7 Qxf7 34. Nd1 Qg7
35. Nf2 Qf7 36. Nd1 Qg7 37. Nf2 Nb8 38. Qe2 Be8 39. Nd3 Nd7 40. Nc5 Nxc5 41.
dxc5 Bc6 42. Kd4 Qg4 43. Qxg4 Rxg4 44. Nh5 h6 45. Ke3 Rg1 46. Rg3 Rb1 47. Nf6
Rb3+ 48. Kf2 Rxg3 49. hxg3 Kg7 50. g4 fxg4 51. Nxg4 Kg6 52. Kf3 h5 1/2-1/2

[Event "MCR senioru 2013 - 60"]
[Site "?"]
[Date "2013.08.23"]
[Round "7.12"]
[White "Kotva, Milan"]
[Black "Haderka, Karel"]
[Result "1-0"]
[WhiteElo "1970"]
[BlackElo "1871"]
[PlyCount "46"]
[EventDate "2013.??.??"]
[SourceDate "2013.08.23"]

1. e4 e5 2. Nf3 Nc6 3. Bb5 d6 4. O-O Nf6 5. Re1 Be7 6. h3 O-O 7. c3 h6 8. d4
Nd7 9. Nbd2 Bf6 10. Nf1 a6 11. Ba4 b5 12. Bc2 Nb6 13. b3 a5 14. Ng3 b4 15. d5
Ne7 16. cxb4 axb4 17. Qd2 Nexd5 18. exd5 e4 19. Nd4 Nxd5 20. Nxe4 c5 21. Nc6
Bc3 22. Qxd5 Be6 23. Qd3 Qd7 1-0

[Event "MCR senioru 2013 - 60"]
[Site "?"]
[Date "2013.08.23"]
[Round "7.13"]
[White "Perik, Alois"]
[Black "Tejkal, Jiri"]
[Result "0-1"]
[WhiteElo "1847"]
[BlackElo "1953"]
[PlyCount "43"]
[EventDate "2013.??.??"]
[SourceDate "2013.08.23"]

1. c4 Nf6 2. Nc3 g6 3. g3 Bg7 4. Bg2 O-O 5. Nf3 d6 6. d4 Nbd7 7. O-O c6 8. b3
a6 9. a4 a5 10. Qc2 Re8 11. Bb2 Nb8 12. Rfe1 Na6 13. Rad1 Qb6 14. e4 e5 15.
dxe5 dxe5 16. Bc1 Nd7 17. Be3 Qc7 18. Na2 Bf8 19. Nc1 Bb4 20. Bd2 Ndc5 21. Bxb4
Nxb4 22. Rd2 0-1

[Event "MCR senioru 2013 - 60"]
[Site "?"]
[Date "2013.08.23"]
[Round "7.14"]
[White "Sibl, Vaclav"]
[Black "Palla, Rostislav"]
[Result "1-0"]
[WhiteElo "1948"]
[BlackElo "1716"]
[PlyCount "81"]
[SourceDate "2013.08.23"]

1. d4 d5 2. Bf4 Nf6 3. e3 Bf5 4. c4 dxc4 5. Bxc4 e6 6. Nf3 Bd6 7. Bg5 Nbd7 8.
O-O O-O 9. Nc3 Be7 10. Rc1 c6 11. Re1 Nd5 12. Bxe7 Qxe7 13. e4 Nxc3 14. bxc3
Bg4 15. h3 Bh5 16. a4 Nb6 17. Bb3 Qa3 18. g4 Bg6 19. Ne5 Qe7 20. f4 Qh4 21. Qf3
h5 22. Nxg6 fxg6 23. Bxe6+ Kh8 24. a5 Nc8 25. Kg2 Rf6 26. d5 Ne7 27. Qg3 Qxg3+
28. Kxg3 b6 29. a6 c5 30. c4 Raf8 31. Rf1 g5 32. f5 Ng6 33. gxh5 Ne5 34. Rfd1
Rh6 35. d6 Rxh5 36. Rd5 Nc6 37. d7 Rd8 38. Bf7 Rh4 39. Re1 Nd4 40. Bg6 Rf4 41.
Re5 1-0

[Event "MCR senioru 2013 - 60"]
[Site "?"]
[Date "2013.08.23"]
[Round "7.15"]
[White "Vlachopulos, Elfteris"]
[Black "Juricek, Stanislav"]
[Result "1/2-1/2"]
[WhiteElo "1725"]
[BlackElo "2101"]
[PlyCount "21"]
[EventDate "2013.??.??"]
[SourceDate "2013.08.23"]

1. d4 Nf6 2. c4 g6 3. Nc3 Bg7 4. e4 d6 5. Nf3 O-O 6. Be2 e5 7. dxe5 dxe5 8.
Qxd8 Rxd8 9. Bg5 Re8 10. O-O-O Ng4 11. Bh4 1/2-1/2

[Event "MCR senioru 2013 - 60"]
[Site "?"]
[Date "2013.08.23"]
[Round "7.16"]
[White "Dusbaba, Petr"]
[Black "Zboril, Jaroslav"]
[Result "0-1"]
[WhiteElo "1831"]
[BlackElo "1975"]
[PlyCount "56"]
[SourceDate "2013.08.23"]

1. e4 d6 2. d4 Nf6 3. Nc3 e5 4. dxe5 dxe5 5. Qxd8+ Kxd8 6. Bg5 Be6 7. f4 exf4
8. e5 h6 9. Bh4 g5 10. exf6 gxh4 11. O-O-O+ Kc8 12. Nf3 Bc5 13. Nd4 Bg4 14. Be2
Bxe2 15. Ncxe2 Nd7 16. Rhf1 Rg8 17. Rxf4 Rxg2 18. Rxh4 Rg6 19. Rf1 c6 20. b4
Bxb4 21. Rf3 Bc5 22. Nf5 Kc7 23. Rxh6 Nxf6 24. h4 Re8 25. Neg3 Rxh6 26. Nxh6
Be3+ 27. Kb2 Bxh6 28. Rxf6 Bg7 0-1

[Event "MCR senioru 2013 - 60"]
[Site "?"]
[Date "2013.08.23"]
[Round "7.17"]
[White "Innemann, Frantisek"]
[Black "Gunnarsson, Leif"]
[Result "1-0"]
[WhiteElo "1919"]
[BlackElo "1831"]
[PlyCount "37"]
[EventDate "2013.??.??"]
[SourceDate "2013.08.23"]

1. e4 c5 2. f4 d5 3. exd5 Qxd5 4. Nc3 Qd8 5. Nf3 e6 6. Bc4 Nf6 7. d3 Nc6 8. a4
a6 9. O-O Be7 10. h3 b6 11. Be3 Qc7 12. Ne2 Bb7 13. Qd2 Rd8 14. Ng3 O-O 15. Qf2
Bd6 16. Ng5 Nd5 17. Bxd5 exd5 18. Nf5 Ne7 19. Qh4 1-0

[Event "MCR senioru 2013 - 60"]
[Site "?"]
[Date "2013.08.23"]
[Round "7.18"]
[White "Havrlik, Pavel"]
[Black "Wiedermann, Jan"]
[Result "1-0"]
[WhiteElo "1919"]
[BlackElo "1787"]
[PlyCount "35"]
[EventDate "2013.??.??"]
[SourceDate "2013.08.23"]

1. c4 c5 2. g3 Nc6 3. Bg2 g6 4. e3 Bg7 5. Ne2 Rb8 6. Nbc3 Nf6 7. d4 cxd4 8.
exd4 O-O 9. O-O d6 10. h3 Bf5 11. g4 Bd7 12. Be3 Qc8 13. Rc1 Na5 14. b3 b6 15.
Qd2 Rd8 16. Nf4 e5 17. Nfd5 Ne8 18. Ne7+ 1-0

[Event "MCR senioru 2013 - 60"]
[Site "?"]
[Date "2013.08.23"]
[Round "7.19"]
[White "Lexa, Vaclav"]
[Black "Tsapandis, Vasilis"]
[Result "1-0"]
[WhiteElo "1890"]
[BlackElo "1802"]
[PlyCount "57"]
[EventDate "2013.??.??"]
[SourceDate "2013.08.23"]

1. d4 g6 2. c4 Bg7 3. Nc3 d6 4. e4 Nc6 5. Be3 e5 6. Nge2 Bg4 7. f3 Bd7 8. d5
Nce7 9. c5 f5 10. Qb3 Rb8 11. cxd6 cxd6 12. Bxa7 Ra8 13. Qxb7 fxe4 14. fxe4 Nf6
15. b4 O-O 16. a4 Bh6 17. a5 Ng4 18. Nd1 Bb5 19. Nec3 Bxf1 20. Rxf1 Rxf1+ 21.
Kxf1 Nxh2+ 22. Kg1 Ng4 23. Nb5 Rc8 24. Bf2 Rc2 25. a6 Nc8 26. a7 Rxf2 27. Nxf2
Be3 28. a8=Q Bxf2+ 29. Kf1 1-0

[Event "MCR senioru 2013 - 60"]
[Site "?"]
[Date "2013.08.23"]
[Round "7.20"]
[White "Pittermann, Jan"]
[Black "Sedlacek, Jan"]
[Result "0-1"]
[WhiteElo "1844"]
[BlackElo "1890"]
[PlyCount "56"]
[EventDate "2013.??.??"]
[SourceDate "2013.08.23"]

1. e4 c5 2. d4 cxd4 3. c3 dxc3 4. Nxc3 Nc6 5. Bc4 a6 6. Nf3 e6 7. Qe2 Bc5 8.
O-O Nd4 9. Nxd4 Bxd4 10. Rd1 Bxc3 11. bxc3 Ne7 12. Ba3 b5 13. Bb3 Bb7 14. Bd6
Qb6 15. Rd3 Qc6 16. f3 Nc8 17. Bg3 O-O 18. Rad1 d6 19. Qd2 Rd8 20. Kh1 h6 21.
Bh4 Rd7 22. Bg3 a5 23. Rc1 a4 24. Bd1 Nb6 25. Rxd6 Nc4 26. Rxc6 Rxd2 27. Rc7
Rad8 28. h3 Rxd1+ 0-1

[Event "MCR senioru 2013 - 70"]
[Site "?"]
[Date "2013.08.23"]
[Round "9.9"]
[White "Jacek, Miloslav"]
[Black "Vitek, Vaclav"]
[Result "1/2-1/2"]
[WhiteElo "2030"]
[BlackElo "2043"]
[PlyCount "53"]

1. e4 e5 2. Nf3 Nc6 3. Bc4 Nf6 4. d3 Be7 5. c3 d6 6. Bb3 Bg4 7. Nbd2 O-O 8. Nf1
Be6 9. Bxe6 fxe6 10. Qb3 Qc8 11. Ng3 Kh8 12. O-O Na5 13. Qc2 c5 14. Ng5 Ng8 15.
Qe2 Nf6 16. f4 exf4 17. Rxf4 h6 18. Nh3 Nc6 19. Be3 Qd7 20. d4 b6 21. Rf2 Nh7
22. Nf4 Kg8 23. Qg4 Bg5 24. Rd1 Nf6 25. Qe2 cxd4 26. cxd4 Qe8 27. Rff1 1/2-1/2

[Event "MCR senioru 2013 - 70"]
[Site "?"]
[Date "2013.08.23"]
[Round "9.10"]
[White "Macura, Emil"]
[Black "Prachar, Josef"]
[Result "1-0"]
[WhiteElo "1944"]
[BlackElo "1888"]
[PlyCount "105"]

1. d4 Nf6 2. Nf3 d5 3. Nbd2 e6 4. e3 Bd6 5. Bd3 O-O 6. a3 b6 7. Ne5 Bb7 8. O-O
Ne4 9. f4 f6 10. Nef3 f5 11. Ne5 Nd7 12. c4 c5 13. Ndf3 Nxe5 14. fxe5 Be7 15.
b3 Qd7 16. Bb2 Rac8 17. Qe2 a5 18. Rfd1 Qe8 19. Rac1 Qh5 20. g3 g5 21. Ne1 Qg6
22. Ng2 h5 23. Rf1 cxd4 24. exd4 Qh6 25. Rcd1 f4 26. g4 h4 27. Ne1 Rf7 28. Nf3
Rcf8 29. Qe1 h3 30. cxd5 exd5 31. Rc1 Qe6 32. Qe2 Qxg4+ 33. Kh1 Ng3+ 34. hxg3
fxg3 35. Kg1 Rxf3 36. Rxf3 Qxf3 37. Qxf3 Rxf3 38. Bf1 h2+ 39. Kh1 g4 40. Re1
Rxb3 41. Bc1 Bh4 42. Bg2 Kf7 43. e6+ Ke7 44. a4 Rb4 45. Ba3 Bf6 46. Rb1 Bxd4
47. Bxb4+ axb4 48. Rxb4 Bf2 49. a5 Bc5 50. Rb3 Kxe6 51. axb6 Ke5 52. Rxg3 Bxb6
53. Rb3 1-0

[Event "MCR senioru 2013 - 70"]
[Site "?"]
[Date "2013.08.23"]
[Round "7.4"]
[White "Abraham, Karel"]
[Black "Vlasak, Ladislav"]
[Result "1/2-1/2"]
[WhiteElo "1779"]
[BlackElo "1797"]
[PlyCount "47"]
[EventDate "2013.??.??"]
[SourceDate "2013.08.23"]

1. e4 e6 2. d4 d5 3. e5 c5 4. c3 Nc6 5. Nf3 Qb6 6. a3 c4 7. Nbd2 Na5 8. Rb1 Nb3
9. Nxb3 cxb3 10. Bd3 Bd7 11. O-O a5 12. Nd2 Bb5 13. Bxb5+ Qxb5 14. Qxb3 Qxb3
15. Nxb3 f6 16. f4 f5 17. Bd2 a4 18. Nc1 Ne7 19. b3 b5 20. bxa4 bxa4 21. Nd3
Nc6 22. Rb6 Na5 23. Bc1 Kd7 24. Nc5+ 1/2-1/2

[Event "MCR senioru 2013 - 70"]
[Site "?"]
[Date "2013.08.23"]
[Round "7.5"]
[White "Mesiarik, Rudolf"]
[Black "Glembek, Bohumir"]
[Result "1-0"]
[WhiteElo "2179"]
[BlackElo "1744"]
[PlyCount "97"]
[SourceDate "2013.08.23"]

1. Nf3 Nf6 2. c4 g6 3. g3 Bg7 4. Bg2 O-O 5. O-O d5 6. cxd5 Nxd5 7. Nc3 c6 8. e4
Nxc3 9. bxc3 Nd7 10. d4 Nb6 11. a4 a5 12. Rb1 c5 13. Qb3 Nd7 14. e5 Ra6 15. Be3
Rb6 16. Qa2 Rxb1 17. Rxb1 b6 18. e6 fxe6 19. Qxe6+ Kh8 20. Ng5 Qe8 21. Bc6 Rf6
22. Qh3 h6 23. Ne6 Qg8 24. d5 Ne5 25. Rxb6 Bxe6 26. dxe6 Qxe6 27. Qxe6 Rxe6 28.
Rb8+ Kh7 29. Bd5 Rd6 30. c4 Nc6 31. Rb7 Bd4 32. Bf4 Rf6 33. Bxc6 Rxc6 34. Rxe7+
Kg8 35. Rb7 Re6 36. Kf1 Bc3 37. Be3 Re4 38. Rc7 Bb4 39. Bxh6 Rxc4 40. Rg7+ Kh8
41. Rxg6 Ba3 42. Bf8 Rxa4 43. Rc6 Rc4 44. h4 Bb4 45. h5 a4 46. h6 Bd2 47. Rc7
a3 48. Bg7+ Kh7 49. Bc3+ 1-0

[Event "MCR senioru 2013 - 70"]
[Site "?"]
[Date "2013.08.23"]
[Round "7.6"]
[White "Folta, Jaroslav"]
[Black "Petrzelka, Karel"]
[Result "1/2-1/2"]
[WhiteElo "1877"]
[BlackElo "1890"]
[PlyCount "45"]
[EventDate "2013.??.??"]
[SourceDate "2013.08.23"]

1. d4 d5 2. Nf3 Nf6 3. Bg5 e6 4. e3 Be7 5. Bd3 O-O 6. O-O Nbd7 7. Nbd2 c5 8. c3
Qc7 9. Re1 Re8 10. Rc1 e5 11. dxe5 Nxe5 12. Nxe5 Qxe5 13. Nf3 Qc7 14. h3 Be6
15. Bb1 Rad8 16. Qc2 g6 17. Rcd1 Ne4 18. Bxe7 Qxe7 19. Qa4 a6 20. Bxe4 dxe4 21.
Qxe4 Rxd1 22. Rxd1 Bxa2 23. Qxe7 1/2-1/2

[Event "MCR senioru 2013 - 70"]
[Site "?"]
[Date "2013.08.23"]
[Round "7.7"]
[White "Pavlu, Jiri"]
[Black "Kosek, Lubomir"]
[Result "1/2-1/2"]
[WhiteElo "1871"]
[BlackElo "1784"]
[PlyCount "86"]
[EventDate "2013.??.??"]
[SourceDate "2013.08.23"]

1. d4 Nf6 2. c4 g6 3. Nc3 Bg7 4. e4 d6 5. Nf3 O-O 6. Be2 c6 7. O-O Qc7 8. Bf4
Nbd7 9. h3 e5 10. dxe5 dxe5 11. Be3 Nh5 12. g3 Nb6 13. Kh2 Be6 14. Bxb6 axb6
15. Ng5 Nf6 16. Nxe6 fxe6 17. Qc2 Rf7 18. Rad1 Raf8 19. Kg2 Qe7 20. a3 h5 21.
Na4 Nd7 22. Qb3 Nc5 23. Nxc5 Qxc5 24. f3 Bh6 25. Rd3 h4 26. g4 Bf4 27. Qd1 Qxc4
28. Rd8 Qa2 29. Rxf8+ Rxf8 30. Qc2 Rd8 31. Bc4 Rd2+ 32. Qxd2 Qxc4 33. Qc3 Qd4
34. Qxd4 exd4 35. Kf2 d3 36. Rd1 d2 37. Ke2 Kf7 38. Rxd2 Bxd2 39. Kxd2 e5 40.
Ke3 g5 41. Kd3 Ke6 42. a4 Kd6 43. Kc4 Kc7 1/2-1/2

[Event "MCR senioru 2013 - 70"]
[Site "?"]
[Date "2013.08.23"]
[Round "7.8"]
[White "Blazek, Jaroslav"]
[Black "Strakos, Tomas"]
[Result "1/2-1/2"]
[WhiteElo "1687"]
[BlackElo "1779"]
[PlyCount "44"]
[EventDate "2013.??.??"]
[SourceDate "2013.08.23"]

1. e4 c5 2. Ne2 Nc6 3. g3 g6 4. Bg2 Bg7 5. c3 Qb6 6. O-O e5 7. d3 Nge7 8. Qc2
O-O 9. Be3 d6 10. Nd2 Qd8 11. Rae1 Be6 12. b3 Rc8 13. Nf3 b6 14. Qc1 f6 15. Bh6
d5 16. Bxg7 Kxg7 17. Rd1 d4 18. c4 Qd7 19. Kh1 h5 20. h4 Bg4 21. Nfg1 Be6 22.
f4 Bg4 1/2-1/2